| 000 | 00710nam a2200205Ii 4500 | ||
|---|---|---|---|
| 003 | JO-AjNU | ||
| 008 | 230605s9999||||xx |||||||||||||| ||und|| | ||
| 040 |
_aJO-AjNU _bara _erda _cJO-AjNU |
||
| 041 | _aara | ||
| 050 | 1 | 4 | _aBP188.15.Z396 2010 |
| 100 | 3 |
_aزينو، محمد بن جميل, _eauthor _948776 |
|
| 245 | 0 | 0 | _aمن آداب الإسلام لإصلاح الفرد والمجتمع |
| 250 | _aط3 | ||
| 264 | 3 | 1 | _aمكة المكرمة: المؤلف، 2010 |
| 300 | _a96ص | ||
| 336 |
_atext _btxt _2rdacontent |
||
| 337 |
_aunmediated _bn _2rdamedia |
||
| 338 |
_avolume _bnc _2rdacarrier |
||
| 650 | 4 |
_aالاسلام والاصلاح الاجتماعي- الاداب الاسلامية _948777 |
|
| 999 |
_aA21383 _c24951 _d24951 |
||